Central Library OPAC University of Rajshahi

Role of multinationals in India's foreign trade / (Record no. 6372)

MARC details
000 -LEADER
fixed length control field 00919nam a2200301 a 4500
001 - CONTROL NUMBER
control field 6372
003 - CONTROL NUMBER IDENTIFIER
rucl marc code BD-RjUL
005 - DATE AND TIME OF LATEST TRANSACTION
control field 20211208234230.0
008 - FIXED-LENGTH DATA ELEMENTS--GENERAL INFORMATION
fixed length control field 110114s1987 ii b 001 0 eng
020 ## - INTERNATIONAL STANDARD BOOK NUMBER
International Standard Book Number 8170240816 :
035 ## - SYSTEM CONTROL NUMBER
System control number (BD-RjUL)
040 ## - CATALOGING SOURCE
Original cataloging agency DLC
Transcribing agency DLC
Modifying agency DLC
Language of cataloging eng
041 ## - LANGUAGE CODE
Language code of text/sound track or separate title eng
082 00 - DEWEY DECIMAL CLASSIFICATION NUMBER
Classification number 382.0954
Edition number 19
Author mark and year SAR 1987
100 1# - MAIN ENTRY--PERSONAL NAME
Personal name Saxena, Usha,
Dates associated with a name 1957-
9 (RLIN) 20074
245 10 - TITLE STATEMENT
Title Role of multinationals in India's foreign trade /
Statement of responsibility, etc. Usha Saxena.
250 ## - EDITION STATEMENT
Edition statement 1st ed.
260 ## - PUBLICATION, DISTRIBUTION, ETC. (IMPRINT)
Place of publication, distribution, etc. New Delhi :
Name of publisher, distributor, etc. Ashish Pub. House,
Date of publication, distribution, etc. 1987.
300 ## - PHYSICAL DESCRIPTION
Pagination xx, 237 p. ;
Size 23 cm.
500 ## - GENERAL NOTE
General note Revision of the author's thesis (Ph. D.--Lucknow University, Lucknow, 1986)
General note Includes index.
504 ## - BIBLIOGRAPHY, ETC. NOTE
Bibliography, etc Bibliography: p. [222]-233.
650 #0 - SUBJECT ADDED ENTRY--TOPICAL TERM
Topical term or geographic name as entry element International business enterprises
Geographic subdivision India.
9 (RLIN) 20075
651 #0 - SUBJECT ADDED ENTRY--GEOGRAPHIC NAME
Geographic name India
General subdivision Commerce.
9 (RLIN) 8891
942 ## - ADDED ENTRY ELEMENTS (KOHA)
Source of classification or shelving scheme Dewey Decimal Classification
Koha item type Books
Holdings
Lost status Source of classification or shelving scheme Damaged status Not for loan Collection code Permanent Location Current Location Shelving location Date acquired Source of acquisition Cost, normal purchase price Total Checkouts Full call number Date last seen Copy number Koha item type
  Dewey Decimal Classification   Not For Loan Non-fiction Central Library, University of Rajshahi Central Library, University of Rajshahi   24/05/1990 Karim Int. 200.00   382.0954 SAR 1987 11/01/2014 C-1 Books